| 000 | 00486nam a22001697a 4500 | ||
|---|---|---|---|
| 999 |
_c61829 _d61829 |
||
| 005 | 20240522121252.0 | ||
| 008 | 240522s1993 enk||||| |||| 00| 0 eng d | ||
| 020 | _a9780801666629x | ||
| 041 | _aeng | ||
| 080 | _a615.1 S-66 | ||
| 100 |
_aSkidmore-Roth, Linda _922146 |
||
| 245 |
_aMosby's 1993 Nursing Drug Reference / _cLinda Skidmore-Roth. |
||
| 264 |
_aBoston : _bMosby, _c1993. |
||
| 300 |
_a1064 p.; _b20 cm. |
||
| 653 | _aსაექთნო საქმე | ||
| 942 |
_2udc _cBK |
||